Statistics for Artists who reached #1 in the USA that starts with W

Click here to take the quiz!

General Stats

  • This quiz has been taken 35 times
  • The average score is 12 of 35

Answer Stats

#SongArtist% Correct
3Wake Me Up Before You Go-GoWham!
88%
1Scream & Shoutwill.i.am
76%
10I Just Called to Say I Love YouStevie Wonder
70%
1You're the First, the Last, My EverythingBarry White
64%
1RomanticKaryn White
64%
1Dreamin'Vanessa Williams
58%
1Smoke Gets in Your EyesRoger Williams
58%
1Gonna Make You Sweat (Everybody Dance Now)Freedom Williams
58%
2It's Gonna Take a MiracleDeniece Williams
58%
1Moon RiverAndy Williams
55%
1The SnakeAl Wilson
52%
1StayMaurice Williams and the Zodiacs
52%
1Ain't No SunshineBill Withers
42%
1Chequered LoveKim Wilde
39%
6Silly Love SongsWings
33%
1Is This LoveWhitesnake
33%
1Missing YouJohn Waite
27%
2I Say a Little PrayerDionne Warwick
27%
1Play That Funky MusicWild Cherry
27%
1My GuyMary Wells
24%
3StarboyThe Weeknd
24%
1FrankensteinThe Edgar Winter Group
24%
3Hold OnWilson Phillips
21%
1Ring My BellAnita Ward
21%
4Only OneKanye West
21%
2Back in the High Life AgainSteve Winwood
21%
2(I've Had) The Time of My LifeJennifer Warnes
18%
1GrillzPaul Wall
9%
1CalcuttaLawrence Welk
6%
1Opposites AttractThe Wild Pair
3%
1Let Me Go, Lover!Joan Weber
3%
1Thrift ShopWanz
3%
1The Purple People EaterSheb Wooley
3%
1Baby, I Love Your Way/Freebird MedleyWill to Power
0%
1Don't DullWizkid
0%

Score Distribution

Percentile by Number Answered

Percent of People with Each Score

Your Score History

You have not taken this quiz